000 00623nam a22002177a 4500
003 UA-OsUOA
001 56354
007 ta
008 20081017b un ||||| |||| 00| 0 ukr d
100 _aСапір Ж.
090 _a330
_bС19
942 _cSA
040 _aUA-OsUOA
_bukr
_cUA-OsUOA
_dUA-OsUOA
245 _aНаскільки тяжко, наскільки довго? (Спроба прогнозування глибини та тривалості кризи)
300 _aС.73-94
955 _a0
041 _aukr
080 _a330
773 0 _w56351
650 7 _a330 Економіка взагалі
_2UDC
999 _c342439
_d342439